Antropologická analysa obsahu žárových hrobů z Vrádiště

Bibliographic Details
Main Authors: Valšík, Jindřich Antonín, 1903-1977 (Author), Černý, Milan, 1933-1999 (Author), Pospíšil Milan F., 1931-2006 (Author)
Format: Article
Language:Czech
German
PhysicalDescription:Fotogr., obr.
Subjects:

MARC

LEADER 00000nab a2200000uu 4500
001 vtls011129614
003 SK-MaSNL
005 20260303193607.0
008 230222|1960 xo |||||||||||||||||cze|
015 |a SNBRB 
035 |a (uuid)45ee8144-e6b3-4d5d-ab97-4c93401bf968 
035 |a (urnnbn)urn:nbn:sk:snk:ar-a09j5s 
035 |a urn:nbn:sk:snk-aba7ap 
040 |a SNKBUCL  |b slo  |c SNKBUCL  |e AACR2 
041 0 |a cze  |h ger 
044 |a xo  |c SK 
100 1 |a Valšík, Jindřich Antonín,  |d 1903-1977  |4 aut  |9 234176 
245 1 0 |a Antropologická analysa obsahu žárových hrobů z Vrádiště  |c J. A. Valšík, M. Černý, M. F. Pospíšil, E. Gyulaiová 
300 |b Fotogr., obr. 
504 |a Bibliogr. odkazy 
546 |a Res. nem. 
650 0 7 |a žiarové hroby  |2 SNKPH  |9 90113 
650 0 7 |a antropológia  |2 SNKPH  |9 717 
650 0 7 |a archeologické nálezy  |2 SNKPH  |9 4975 
650 0 7 |a archeologické výskumy  |2 SNKPH  |9 74796 
651 7 |a Vrádište (Slovensko)  |2 SNKPHgeo  |9 114682 
700 1 |a Černý, Milan,  |d 1933-1999  |4 aut  |9 176781 
700 0 |a Pospíšil Milan F.,  |d 1931-2006  |4 aut  |9 221486 
773 0 |t Slovenská archeológia  |g Roč. 8, č. 1 (1960), s. 168-172 
958 |a OND 
958 |a EUIPO 
958 |a article13 
999 |c 2153191  |d 2155121